La teoría española en la pintura en el siglo XVIII (Record no. 91075)

MARC details
000 -LEADER
campo de control de longitud fija 00738nam a2200193 i 4500
001 - NÚMERO DE CONTROL
campo de control 91075
003 - IDENTIFICADOR DE NÚMERO DE CONTROL
campo de control ES-MaACL
005 - FECHA Y HORA DE LA ÚLTIMA TRANSACCIÓN
campo de control 20230906180631.0
007 - CAMPO FIJO DE DESCRIPCIÓN FÍSICA--INFORMACIÓN GENERAL
campo de control de longitud fija t|
008 - DATOS DE LONGITUD FIJA--INFORMACIÓN GENERAL
campo de control de longitud fija 050127s1979 sp ||||1| spa d
100 1# - ENTRADA PRINCIPAL--NOMBRE DE PERSONA
Nombre de persona León Tello, Francisco José.
9 (RLIN) 71645
245 13 - MENCIÓN DEL TÍTULO
Título La teoría española en la pintura en el siglo XVIII
Resto del título : el tratado de Palomino /
Mención de responsabilidad, etc. Francisco José León Tello y María M. Virginia Sanz Sanz.
260 ## - PUBLICACIÓN, DISTRIBUCIÓN, ETC.
Lugar de publicación, distribución, etc. Madrid :
Nombre del editor, distribuidor, etc. Universidad Autónoma, Cátedra de Estética,
Fecha de publicación, distribución, etc. [1979]
300 ## - DESCRIPCIÓN FÍSICA
Extensión 516 p. ;
Dimensiones 22 cm.
700 1# - ENTRADA AGREGADA--NOMBRE PERSONAL
Nombre de persona Sanz Sanz, María Virginia.
9 (RLIN) 103684
710 2# - ENTRADA AGREGADA--NOMBRE DE ENTIDAD CORPORATIVA
Nombre de entidad corporativa o nombre de jurisdicción como elemento de entrada Universidad Autónoma de Madrid.
Unidad subordinada Cátedra de Estética.
9 (RLIN) 7062
852 ## - LOCALIZACIÓN
Ubicación ES-MaACL
Número de control de estantería L-144
Sublocalización o colección R.100722
852 ## - LOCALIZACIÓN
Ubicación ES-MaACL
Número de control de estantería L-783
Sublocalización o colección R.101030
Holdings
Estatus retirado Estado de pérdida Estado de daño No para préstamo Biblioteca de origen Biblioteca actual Ubicación en estantería Fecha de adquisición Fuente de adquisición Total de préstamos Signatura topográfica completa Código de barras Visto por última vez Precio de reemplazo Tipo de ítem Koha
        Biblioteca del Ateneo de Madrid Biblioteca del Ateneo de Madrid Depósito 2 17/01/2008     L-783 1095087 23/02/2023 23/02/2023 Libro impreso
        Biblioteca del Ateneo de Madrid Biblioteca del Ateneo de Madrid Depósito 2 17/01/2008     L-144 1095086 23/02/2023 23/02/2023 Libro impreso